Yüklüyor......

Buddhism in India : rediscovery, revival and development

Detaylı Bibliyografya
Yazar: Ahir D C
Materyal Türü: Printed Book
Baskı/Yayın Bilgisi: Delhi Buddhist World Press 2010
Edisyon:1st
Konular:
LEADER 00686nam a22002051a 4500
020 |a 9788190821261  |c 0.00 
040 |a SSUS - Library - Kalady 
082 |a 294.309 54  |b AHI/B 
100 |a Ahir D C 
245 |a Buddhism in India : rediscovery, revival and development  |h [Text] 
250 |a 1st 
260 |a Delhi  |b Buddhist World Press  |c 2010 
300 |a 296p. 
600 |a Buddhism India 
600 |a Buddhism 
600 |a Religion 
852 |h 294.309 54  |i AHI/B  |p 062309  |9 1250.00  |t 0 
942 |c BK 
999 |c 6231  |d 6231 
952 |0 0  |1 0  |4 0  |6 294_309000000000000_54_AHI_B  |7 0  |9 9528  |a SSUS  |b SSUS  |d 2015-01-08  |g 1250.00  |l 4  |o 294.309 54 AHI/B  |p 062309  |r 2017-04-24  |s 2017-04-22  |v 0.00  |w 2015-01-08  |y BK